| 000 | 00687nam a22002177a 4500 | ||
|---|---|---|---|
| 005 | 20150618121214.0 | ||
| 010 | _aENG-112913 | ||
| 020 |
_c1295.00 _a9789350353745 |
||
| 035 | _aEN-96445 | ||
| 037 | _bDBAD/PUB | ||
| 082 | _a344.54010264 | ||
| 100 | _aKumar, H.L. | ||
| 245 |
_aDigest of labour case 1990 to 2013 : _cby H.L. Kumar [and] Gaurav Kumar _bcase law finder / |
||
| 250 | _a9th ed | ||
| 260 |
_aNew Delhi _bUniversal Law Publishing _c2013 |
||
| 270 |
_a A-58, G.T. Karnal Road Industrial Area, _bNew Delhi _e110033 |
||
| 300 |
_acxx,912p. _c25cm(Hb) |
||
| 500 | _aIncludes index | ||
| 700 | _aGaurav Kumar | ||
| 942 |
_2ddc _cEN _mKUM _h344.54010264 |
||
| 999 |
_c93369 _d93369 |
||